Štatistická analýza výdavkov slovenských domácností na bývanie, vodu, elektrinu, plyn a iné palivá v roku 2012 bakalárska práca

Guardado en:
Detalles Bibliográficos
Autor principal: Strapková, Adriána
Autor Corporativo: Fakulta hospodárskej informatiky EU. Katedra štatistiky
Otros Autores: Šoltés, Erik, 1974-
Formato: Libro
Lenguaje:eslovaco
Publicado: Bratislava 2015
Etiquetas: Agregar Etiqueta
Sin Etiquetas, Sea el primero en etiquetar este registro!

MARC

LEADER 00000nbm a2200000 4500
001 0203439
005 20161212111652.9
041 0 |a slo 
044 |a SK 
245 1 0 |a Štatistická analýza výdavkov slovenských domácností na bývanie, vodu, elektrinu, plyn a iné palivá v roku 2012  |b bakalárska práca  |c Adriána Strapková ; školiteľ: Erik Šoltés 
264 1 |a Bratislava  |c 2015 
300 |a 54 s. 
100 1 |a Strapková, Adriána 
700 1 |a Šoltés, Erik, 1974- 
710 2 |a Fakulta hospodárskej informatiky EU. Katedra štatistiky